Marks, gandhi, samajavada. (Record no. 106416)
[ view plain ]
| 000 -LEADER | |
|---|---|
| fixed length control field | 00673nam a2200205Ia 4500 |
| 003 - CONTROL NUMBER IDENTIFIER | |
| control field | OSt |
| 005 - DATE AND TIME OF LATEST TRANSACTION | |
| control field | 20250830102336.0 |
| 008 - FIXED-LENGTH DATA ELEMENTS--GENERAL INFORMATION | |
| fixed length control field | 210210b2003 xxu||||| |||| 00| 0 eng d |
| 040 ## - CATALOGING SOURCE | |
| Transcribing agency | AL |
| 041 ## - LANGUAGE CODE | |
| Language code of text/sound track or separate title | Kannada |
| 082 ## - DEWEY DECIMAL CLASSIFICATION NUMBER | |
| Classification number | K894.4 NATR |
| 100 ## - MAIN ENTRY--PERSONAL NAME | |
| Personal name | NATARAJ HULIYAR. |
| Dates associated with a name | ನಟರಾಜ್ ಹುಳಿಯಾರ್ |
| 9 (RLIN) | 237977 |
| 245 ## - TITLE STATEMENT | |
| Title | Marks, gandhi, samajavada. |
| Remainder of title | ಮಾರ್ಕ್ಸ್, ಗಾಂಧಿ, ಸಮಾಜವಾದ. |
| 260 ## - PUBLICATION, DISTRIBUTION, ETC. | |
| Place of publication, distribution, etc. | Bengaluru |
| Name of publisher, distributor, etc. | Kannada mattu Samskrakti Nirdeshanalaya |
| Date of publication, distribution, etc. | 2003 |
| 300 ## - PHYSICAL DESCRIPTION | |
| Extent | 425,xxiv |
| 650 ## - SUBJECT ADDED ENTRY--TOPICAL TERM | |
| Topical term or geographic name entry element | Ramamanohara Lohiya marks gandhi samajavada |
| 9 (RLIN) | 237978 |
| 690 ## - LOCAL SUBJECT ADDED ENTRY--TOPICAL TERM (OCLC, RLIN) | |
| Topical term or geographic name as entry element | Kannada Prose |
| 9 (RLIN) | 237979 |
| 906 ## - LOCAL DATA ELEMENT F, LDF (RLIN) | |
| a | 059361 |
| 942 ## - ADDED ENTRY ELEMENTS (KOHA) | |
| Source of classification or shelving scheme | Dewey Decimal Classification |
| Koha item type | Book |
| Withdrawn status | Lost status | Source of classification or shelving scheme | Damaged status | Not for loan | Collection code | Home library | Current library | Shelving location | Date acquired | Source of acquisition | Cost, normal purchase price | Total Checkouts | Full call number | Barcode | Date last seen | Price effective from | Koha item type |
|---|---|---|---|---|---|---|---|---|---|---|---|---|---|---|---|---|---|
| Dewey Decimal Classification | Kannada | St Aloysius Library | St Aloysius Library | 02/17/2021 | Kannada mattu samskrati nirdeshanalaya, Bengaluru | 25.00 | K894.4 NATR | 059361 | 02/17/2021 | 02/17/2021 | Book |